LEADER 01430nam0 2200325 450 001 000041478 005 20150910145951.0 010 $a88-506-4996-7 100 $a20150907d2004----km-y0itaa50------ba 101 0 $aita 102 $aIT 200 1 $aDifesa fitosanitaria in agricoltura biologica$ele avversità, i prodotti e le strategie di lotta nelle colture orto-frutticole$fMassimo Benuzzi, Vincenzo Vacante 210 $aBologna$cEdagricole$d2004 215 $aIX, 297 p.$cill.$d24 cm 225 2 $aAgricoltura e zootecnia biologica 410 0$12001$aAgricoltura e zootecnia biologica 606 1 $aAgricoltura$xInsetti utili 606 2 $aPiante$xDifesa dai parassiti 676 $a635.049$v(22. ed.)$9Orticoltura. Danni, malattie, infestazioni 700 1$aBenuzzi,$bMassimo$078397 701 1$aVacante,$bVincenzo$f<1948- >$0758223 801 0$aIT$bUniversità della Basilicata - B.I.A.$gREICAT$2unimarc 912 $a000041478 996 $aDifesa fitosanitaria in agricoltura biologica$91531026 997 $aUNIBAS CAT $aSTD102$b00$c20150907$lBAS01$h1250 CAT $aTTM$b30$c20150910$lBAS01$h1459 FMT Z30 -1$lBAS01$LBAS01$mBOOK$1BASA2$APolo Tecnico-Scientifico$2DID$BDidattica$3PTS.d1.113879$6113879$5T113879$820150908$f98$FConsultazione Z30 -1$lBAS01$LBAS01$mBOOK$1BASA2$APolo Tecnico-Scientifico$2DID$BDidattica$3PTS.d1.113880$6113880$5T113880$820150908$f04$FPrestabile Didattica LEADER 02255nam1 22004693i 450 001 TO0E080918 005 20251003044414.0 100 $a20240201g17501752||||0itac50 ba 101 | $aita 102 $ait 181 1$6z01$ai $bxxxe 182 1$6z01$an 183 1$6z01$anc$2RDAcarrier 200 1 $aMetodo di studiare, e d'insegnare cristianamente, e sodamente le lettere umane in riguardo alle lettere divine, e alle Scritture. Dello studio de' poeti ... Del padre Lodovico Tommasini ... Tomo 1. [- 4.] 210 $aIn Napoli$cnella stamperia di Benedetto, ed Ignazio Gessari$d1750-1752 215 $a4 v.$d8º 300 $aFregio sui front 300 $aIniz. e fregi xilogr 300 $aDedicata a Matteo de Sarno 463 1$1001TO0E080919$12000 $a1:$v1 463 1$1001TO0E080921$12000 $a2:$v2 463 1$1001TO0E080923$12000 $a3:$v3 463 1$1001TO0E080924$12000 $a4$v4 620 $aIT$dNapoli$3TO0L002386 700 1$aThomassin$b, Louis$f <1619-1695>$3MILV034574$4070$0744132 702 1$aDe Sarno$b, Matteo$3SBLV227097$4280 712 02$aGessari, Benedetto & Gessari Ignazio$3TO0V390290$4650 790 1$aTomassini$b, Ludovico$3UBOV410910$zThomassin, Louis <1619-1695> 790 1$aThomassin$b, Ludovico$3UBOV410913$zThomassin, Louis <1619-1695> 790 1$aTommasini$b, Lodovico$3UBOV410914$zThomassin, Louis <1619-1695> 791 02$aGessari, Ignazio & Gessari, Benedetto fratelli$3VEAV047611$zGessari, Benedetto & Gessari Ignazio 801 3$aIT$bIT-000000$c20240201 850 $aIT-BN0095 $aIT-NA0079 $aIT-CE0012 $aIT-BN0015 901 $bNAP BN$cSALA FARN.$n$ 901 $bNAP BN$cBIBL.BRANC$nLa consegna dei documenti è effettuata dall'Ufficio Distribuzione 901 $bNAP 01$cDEMARCO $n$ 901 $bNAP PB$cSEZ LOCALE$n$ 912 $aTO0E080918 950 1$aBiblioteca Centralizzata di Ateneo$bv. 4$c1 esemplare, v. 4$d 01DEMARCO FONDO RARI B 35 977 $a 01$a BN$a CC$a PB 996 $aMetodo di studiare, e d'insegnare cristianamente, e sodamente le lettere umane in riguardo alle lettere divine, e alle Scritture. Dello studio de' poeti ... Del padre Lodovico Tommasini ... Tomo 1.$93551779 997 $aUNISANNIO LEADER 01111nam0 22002651i 450 001 UON00325164 005 20231205104157.46 100 $a20090630f |0itac50 ba 101 $apor 102 $aPT 105 $a|||| ||||| 200 1 $aAlém dos marimbus$enarrativa da viagem que fez Jenner Nogueira Chaves às Matas de Andarai para compra de uma fazenda onde extrair madeiras$fHerberto Sales 210 $aLisboa$cLivros do Brasil, s.d 215 $a275 p.$d22 cm. 410 1$1001UON00324963$12001 $aLivros do Brasil$1210 $aLisboa$cLivros do Brasil.$v62 606 $aLetteratura brasiliana$xNarrativa$3UONC042279$2FI 620 $aPT$dLisboa$3UONL003135 700 1$aSALES$bHerberto$3UONV185256$0699829 712 $aLivros do Brasil$3UONV265714$4650 801 $aIT$bSOL$c20251107$gRICA 899 $aSIBA - SISTEMA BIBLIOTECARIO DI ATENEO$2UONSI 912 $aUON00325164 950 $aSIBA - SISTEMA BIBLIOTECARIO DI ATENEO$dSI III 0662 $eSI LO 48783 5 0662 996 $aAlém dos marimbus$91366096 997 $aUNIOR